La Ilustració catalana : periódich quinzenal, artístich, literari y científich periódich quinzenal, artístich, literari y científich
Descripción Física:
40,5 cm
Materias:
Diaris catalans -- S. XIX -- Revistes
MARC
| LEADER | 00000nam a2200000Ia 4500 | ||
|---|---|---|---|
| 001 | 19674, 19675, 12890, 12891, 12892, 12893, 12894, 12895, 12896, 12897 | ||
| 008 | 160829s1880 - 1892 xx 000 0 cat d | ||
| 080 | |a R-12-52, R-12-53, R-12-54, R-12-55, R-12-56, R-12-57, R-12-58, R-12-59, R-12-60, R-12-61 | ||
| 245 | |a La Ilustració catalana : |b periódich quinzenal, artístich, literari y científich | ||
| 260 | |a Barcelona : |b [s.n.], |c 1880 - 1892 | ||
| 300 | |a 40,5 cm | ||
| 590 | |a Quinzenal. | ||
| 590 | |a Molt il·lustrada, conté gravats de Josep Pahissa i Alexandre Riquer entre d'altres. | ||
| 590 | |a Procedència: Casa de Caritat. | ||
| 590 | |a Conté índex dels autors literaris i dels gravats. | ||
| 590 | |a Es troba digilitalitzat a: http://hemerotecadigital.bne.es/cgi-bin/Pandora.exe?fn=select;collection=internet;query=cabecera:%22Ilustració%20catalana,%20La%22%20AND%20pagina:001;xslt=list;sort=%2Bcabecera_orden%20%2Banyo%20%2Bmes%20%2Bdia;lang=;query_summary=Título:%20%22Ilustració%20catalana,%20La%22. | ||
| 650 | |a Diaris catalans |x S. XIX |x Revistes |9 39810 | ||
| 866 | |a 1880 - 1881 (1-2, núm. 1 - 52), 1882 (3, núm. 54 - 77), 1883 (4, núm. 78-101), 1885 (6-7, núm. 126-155), 1887 (8, núm. 156-179), 1888 (9, núm. 180-203), 1889 (10, núm. 204-227), 1890 (11, núm. 228-251), 1891 (12, núm. 252-275), 1892 (13, núm. 276-299) | ||
| 901 | |a Arxiu | ||
| 942 | |n 1 | ||
| 952 | |0 0 |1 0 |4 0 |6 R1252_R1253_R1254_R1255_R1256_R1257_R1258_R1259_R1260_R1261 |7 1 |9 49234 |a Arxiu |b Arxiu |d 2016-12-01 |l 0 |o R-12-52, R-12-53, R-12-54, R-12-55, R-12-56, R-12-57, R-12-58, R-12-59, R-12-60, R-12-61 |p 19674, 19675, 12890, |r 2016-12-01 00:00:00 |w 2016-12-01 |y ARXIU | ||
| 999 | |c 53074 |d 53074 | ||